000 00282nam a2200121Ia 4500
008 140130s9999 xx 000 0 und d
245 _cLillie, Patricia
_aWhen this box is full
260 _bScholastic,
_c1993
440 _v1
521 _aGrade 1
942 _cBK
999 _c39971
_d39971